000 00681nam a2200265 a 4500
001 40160
003 AR-BaAGN
005 20231222161104.0
007 ta
008 220625s2015 ag |||||r|||| ||||||spa d
020 _a978-987-3620-16-4
040 _dAR-BaAGN
_aAR-BaAGN
_bspa
_eaacr
100 1 _aAnitua, Gabriel Ignacio
245 1 0 _aHistoria de los pensamientos criminológicos
250 _a1ª ed.
260 _aBuenos Aires :
_bDidot,
_c2015.
300 _a588 páginas
336 _2rdacontent
_btxt
337 _2rdamedia
_bn
338 _2rdacarrier
_bnc
650 4 _aCRIMINOLOGÍA
_92074
650 4 _aDERECHO PENAL
_91497
942 _cLIBRO
999 _c40160
_d40160